01151nam a2200193Ia 4500001001100000003001000011008004100021040002500062041001300087100003100100245008000131250001100211260006500222300001200287500026000299501011400559520026000673650002400933L270-22378IT-CnALBA170116s9999||||xx |||||||||||||| ||und|| aIT-CnALBAcIT-CnALBA aITALIANO aFLEURY CLAUDIO, MONSIGNORE 0aSTORIA ECCLESIASTICA. VOL. I: DAGLI ATTI DEGLI APOSTOLI FINO ALL'ANNO 264.  a1a ed. a GE LUGDUNIbOLZATI AGOST., STAMPERIA c1769 [1° Ed.: n.d.] a384 p.  aTRADUZIONE DAL FRANCESE DEL CONTE GASPARO GOZZI. ATTI DEGLI APOSTOLI. LETTERE DI S. PAOLO. MARTIRIO DEI SS. PIETRO E PAOLO. S. CLEMENTE. LE PERSECUZIONI. LE APOLOGIE DI GIUSTINO. POLICARPO. LE ERESIE. S. IRENEO. PERPETUA E FELICITA. I MARTIRI D'EGITTO. TE aSocietà San Paolo EM - Piazza San Paolo, 14 - 12051 ALBA (CN) (non commercial uses only) ® Copyright 2017 aTRADUZIONE DAL FRANCESE DEL CONTE GASPARO GOZZI. ATTI DEGLI APOSTOLI. LETTERE DI S. PAOLO. MARTIRIO DEI SS. PIETRO E PAOLO. S. CLEMENTE. LE PERSECUZIONI. LE APOLOGIE DI GIUSTINO. POLICARPO. LE ERESIE. S. IRENEO. PERPETUA E FELICITA. I MARTIRI D'EGITTO. TE aSTORIA DELLA CHIESA